Logo quiz jeux vidéos #2 - Statistiques

Statistiques générales
  • Ce quiz a été pris 310 fois
  • Le résultat moyen est 6 sur 12
Statistiques - réponses
Par images Réponse % Correct
Assassin's Creed
85%
Super Smash Bros
85%
Counter-Strike
82%
Diablo
61%
Mario Kart
61%
Luigi's Mansion
51%
Hearthstone
49%
Naruto
42%
Saints Row
25%
borderlands
24%
Metroid
24%
The Witcher
23%
Aucun quiz correspondant
Distribution des résultats
% des personnes avec chaque résultat
Percentile par nombre de réponses
Votre historique - résultats
Vous n’avez pas pris ce quiz